000 00450nam a2200193Ia 4500
005 20250423100853.0
008 250422s9999 xx 000 0 und d
020 _a9-788125-911326
050 _aLB 2805 .C43/
100 _aChaube, S. P.
245 0 _aSchool organisation
250 _a2nd rev ed.
260 _aNew Delhi
260 _bVikas Publishing House PVT
260 _c2003
300 _a280 p
650 _aEducation
942 _cBK
999 _c34591
_d34591